| 000 | 00398nam a2200181Ia 4500 | ||
|---|---|---|---|
| 008 | 220531s9999 xx 000 0 und d | ||
| 041 | _aeng | ||
| 082 | _bLAL | ||
| 100 |
_aLall Ramji _948254 |
||
| 245 | _aPreface To Shakespear | ||
| 250 | _a1ST | ||
| 260 |
_bRama _c2003 |
||
| 300 | _a169 | ||
| 542 | _d31-03-2006 | ||
| 650 |
_aEnglish _948255 |
||
| 906 | _d2005-2006 | ||
| 999 |
_c28254 _d28254 |
||